ARRUPE JESUIT UNIVERSITY

CORONAVIRUS -STOP THE SPREAD - CLEAN,DISINFECT,COVER

Quantum electronics/ (Record no. 121768)

MARC details
000 -LEADER
fixed length control field 00466nam a22001457a 4500
008 - FIXED-LENGTH DATA ELEMENTS--GENERAL INFORMATION
fixed length control field 150120b xxu||||| |||| 00| 0 eng d
050 ## - LIBRARY OF CONGRESS CALL NUMBER
Classification number TK7819.P5 1966
100 ## - MAIN ENTRY--PERSONAL NAME
Personal name Pierce, John R.
9 (RLIN) 14231
245 ## - TITLE STATEMENT
Title Quantum electronics/
Statement of responsibility, etc by John R. Pierce.
260 ## - PUBLICATION, DISTRIBUTION, ETC. (IMPRINT)
Place of publication, distribution, etc Garden City, New York:
Name of publisher, distributor, etc Doubleday Anchor Books,
Date of publication, distribution, etc 1966.
300 ## - PHYSICAL DESCRIPTION
Extent xvi, 138p.
Dimensions 18 cm
440 ## - SERIES STATEMENT/ADDED ENTRY--TITLE
Title Science study series
Number of part/section of a work 44
9 (RLIN) 14232
650 ## - SUBJECT ADDED ENTRY--TOPICAL TERM
Topical term or geographic name as entry element Quantum electronics
9 (RLIN) 14233
942 ## - ADDED ENTRY ELEMENTS (KOHA)
Source of classification or shelving scheme Library of Congress Classification
Item type Monograph ( Printed materials)
Holdings
Withdrawn status Lost status Source of classification or shelving scheme Damaged status Not for loan Collection code Home library Current library Shelving location Date acquired Total Checkouts Full call number Barcode Date last seen Copy number Price effective from Koha item type
    Library of Congress Classification     Main Collection ARRUPE LIBRARY ARRUPE LIBRARY Main Collection 20/01/2015   TK7819.P5 1966 46500003162 20/01/2015 1 20/01/2015 Monograph ( Printed materials)

 

Arrupe Library. PO Box MP320 Mt Pleasant, Harare, Zimbabwe
263 242 745411|librarian@aju.ac.zw